| 000 | 00426nam a22001697a 4500 | ||
|---|---|---|---|
| 003 | koha_MIRAKIL | ||
| 005 | 20231213095624.0 | ||
| 008 | 231213b |||||||| |||| 00| 0 ||| d | ||
| 040 |
_aTR-IsEVY _btur _cTR-IsEVY |
||
| 082 | _a700 BÜN/E | ||
| 100 | _aBÜNGÜL, NURETTİN RÜŞTÜ. | ||
| 245 | 0 | _aESKİ ESERLER ANSİKLOPEDİSİ. | |
| 260 | _bTercüman, | ||
| 300 | _a179. | ||
| 650 | _aGüzel Sanatlar. | ||
| 942 |
_2ddc _cBK |
||
| 999 |
_c6684 _d6684 |
||